| 000 | 01110nam a2200313 i 4500 | ||
|---|---|---|---|
| 003 | EG-GICUC | ||
| 005 | 20260213125733.0 | ||
| 008 | 260213s1958 ua |||fr|||| 00| 0 ara d | ||
| 017 | _a2394/1970 | ||
| 040 |
_a EG-GICUC _bara _c EG-GICUC _d EG-GICUC _erda |
||
| 041 | 0 | _aAra | |
| 082 | 0 | 4 |
_221 _a343.2 _bق ا |
| 092 | 0 | 4 | _221 |
| 099 | _aLaw1 10 343.2 ق ا 1958 | ||
| 245 | 0 | 0 | _aقانون العقوبات والقوانين الجنائية الخاصة وفقاً لآخر التعديلات. |
| 250 | _aالطبعة الثالثة | ||
| 264 | 1 |
_a[مكان النشر غير محدد] : _bدار الفكر الحديث، _c1958. |
|
| 300 |
_a480 ؛صفحة _c24 سم. |
||
| 336 |
_2rda content _atext |
||
| 337 |
_2rda media _aComputer |
||
| 338 |
_2rda carrier _aOnline Resource |
||
| 546 | _aالنص باللغة العربية | ||
| 650 | 1 |
_aقانون العقوبات القسم الخاص _2qrmak |
|
| 650 | 1 |
_aالقانون الجنائى _2qrmak |
|
| 651 | 1 | _2qrmak | |
| 856 | 4 | 0 | _uhttps://fll.law.cu.edu.eg/fulltext/bks/B10-08820.pdf |
| 905 | _a54 | ||
| 942 |
_2ddc _cBK _e21 _n0 |
||
| 999 |
_c63018 _d63018 |
||